[Event "CZE-chT2C 1617"]
[Site "Czech Republic"]
[Date "2016.11.27"]
[Round "4.8"]
[White "Heller, Jan"]
[Black "Sedy, Pavel"]
[Result "1/2-1/2"]
[WhiteElo "1884"]
[BlackElo "2056"]
[PlyCount "75"]
[EventDate "2016.10.09"]
[EventType "team-tourn"]
[EventRounds "11"]
[EventCountry "CZE"]
[SourceTitle "EXT 2022"]
[Source "ChessBase"]
[SourceDate "2021.10.06"]
[SourceVersion "1"]
[SourceVersionDate "2021.10.06"]
[SourceQuality "1"]
[WhiteTeam "Vysehrad III"]
[BlackTeam "Vysehrad II"]
[WhiteTeamCountry "CZE"]
[BlackTeamCountry "CZE"]

1. d4 Nf6 2. c4 e6 3. Nc3 Bb4 4. Qc2 c5 5. e3 0-0 6. Nf3 Nc6 7. dxc5 Bxc5 8. a3 b6 9. b4 Be7 10. Bb2 Qc7 11. Bd3 a5 12. b5 Ne5 13. Nxe5 Qxe5 14. Nd5 Qd6 15. Nxf6+ Bxf6 16. Bxf6 gxf6 17. Bxh7+ Kg7 18. Be4 Ra7 19. Qd1 Qxd1+ 20. Rxd1 Rc7 21. Bd3 Bb7 22. f3 f5 23. Kd2 Kf6 24. Rc1 Rg8 25. Rhg1 Rc5 26. e4 f4 27. Ke2 Rh5 28. h3 d6 29. Kf2 Rhg5 30. Rcd1 Ke7 31. Be2 Bc8 32. h4 Rg3 33. Bf1 Rh8 34. Rh1 e5 35. Rd2 Rh6 36. Be2 Rhg6 37. Bf1 Rh6 38. Be2 1/2-1/2